WW2 planes review - Statistics

General Stats
  • This quiz has been taken 381 times
  • The average score is 2 of 15
Answer Stats
Hint Answer % Correct
Crew in B24 # 10
70%
Agility Bf-109
33%
Armor B-17
31%
Most produced plane Il 2
14%
Firepower Bf-110
4%
Axis force Quality
2%
Allied force Quantity
2%
Max speed of 262 541mph
1%
Round that was tracer 5th
1%
Bomb load of B-24 8,000lbs
1%
Planes made in WW2 886,579
1%
2 Advances in tech Jets and Laminar flow wings
1%
Smallest Me 262 F2A-1
1%
Speed P13
1%
Largest Plane XB-19
1%
No matching quizzes found
Score Distribution
Percent of People with Each Score
Percentile by Number Answered
Your Score History
You have not taken this quiz